Touhou Photography Games Spell Cards - Statistics

General Stats
  • This quiz has been taken 14 times
  • The average score is 36 of 82
Answer Stats
Hint Answer % Correct
Calamity "Cursed Hina Dolls" Hina Kagiyama
91%
Dream Dog "101 Stray Dogs" Aunn Komano
82%
Fish Sign "School of Fish" Wakasagihime
82%
Fist "Falling Sky Hammer" Ichirin Kumoi
73%
Old Boat "Ancient Ship" Mononobe no Futo
73%
Flying Neck "Twin Rokuro Head" Sekibanki
73%
Poison Nail "Zombie Claw" Yoshika Miyako
73%
Judgement "Guilty or Not Guilty" Eiki Shiki, Yamaxanadu
64%
Comet "Blazing Star" Marisa Kirisame
64%
Dango "Dango Flower" Ringo
64%
Hermit Arts "Wall-Phasing Wormhole" Seiga Kaku
64%
Runaway Rabbit "Fluster Escape" Tewi Inaba
64%
Human Knowledge Sword "Turning Angel Cut" Youmu Konpaku
64%
Border Sign "Boundary of Wave and Particle" Yukari Yakumo
64%
Puppeteer Sign "Dolls in Sea" Alice Margatroid
55%
Noise Sign "Biwa of Euphoric Song" Benben Tsukumo
55%
Freeze Sign "Minus K" Cirno
55%
Moon Dream "Eclipse Nightmare" Clownpiece
55%
Medicine Sign "Butterfly Dream Pill - Nightmare Type" Eirin Yagokoro
55%
Taboo "Forbidden Games" Flandre Scarlet
55%
Well Bucket "Like a Moth to a Well" Kisume
55%
"Deep Sinker" Minamitsu Murasa
55%
Fruit Sign "Warm Colour Harvest" Minoriko Aki
55%
Magic Sign "Merciful Jizo" Narumi Yatadera
55%
Water Sign "Water Carpet" Nitori Kawashiro
55%
Unidentified "Red Cloak, Blue Cloak" Nue Houjuu
55%
Darkness Sign "Dark Side of the Moon" Rumia
55%
"My Way is Truly That of Heaven!" Toyosatomimi no Miko
55%
Butterfly Sign "Surrounding Scales" Eternity Larva
45%
"The Moon is Falling!" Hecatia Lapislazuli
45%
Colorful Flip "Fluttering Petals and Falling Leaves" Hong Meiling
45%
Full Moon "Full Moon Roar" Kagerou Imaizumi
45%
New Impossible Request "Mysterium" Kaguya Houraisan
45%
Winter Sign "Northern Winner" Letty Whiterock
45%
Sun & Moon Sign "Royal Diamond Ring" Patchouli Knowledge
45%
Thunder Sign "Den-Den Daiko of Rage" Raiko Horikawa
45%
Void "Inflation Square" Sakuya Izayoi
45%
Miracle "Divine Wind of the Kouan Era" Sanae Kochiya
45%
Brain Sign "Brain Fingerprint" Satori Komeiji
45%
"Night Parade of a Million Demons" Suika Ibuki
45%
"Sky of Scarlet Perception of All Humankind" Tenshi Hinanawi
45%
Small Thread "Kandata's Rope" Yamame Kurodani
45%
Oni's Voice "Annihilating Roar" Yuugi Hoshiguma
45%
"Death Butterfly, Floating Moon" Yuyuko Saigyouji
45%
Syncretism "Manifestation of Mahavairocana" Byakuren Hijiri
36%
Exalted Personage "Forewarning of St. Germain" Fujiwara no Mokou
36%
Continuous Shooting "Rapid Shot" Hatate Himekaidou
36%
Dragon Palace "Dance of Sea Breams and Flounders" Iku Nagae
36%
"Trembling, Shivering Nightmare" Junko
36%
Memory "DNA's Flaw" Koishi Komeiji
36%
Death Price "Price of Life" Komachi Onozuka
36%
Bamboo Sign "Bamboo Labyrinth" Mai Teireida
36%
Treasure "Gold Rush" Nazrin
36%
Resentment Art "Grudge Returning" Parsee Mizuhashi
36%
Dream Sign "Fantasy Dimensional Rift" Reimu Hakurei
36%
Devil Sign "All the World in Nightmare" Remilia Scarlet
36%
Elegy "Human and Koto Die Together" Yatsuhashi Tsukumo
36%
"Illusionary Dominance" Aya Shameimaru
27%
Star Sign "Leaping Kasane-Uroko Star" Chen
27%
Rainbow Sign "Over The Rainbow" Kogasa Tatara
27%
Scream "Primal Scream" Kyouko Kasodani
27%
"Humans Are Nice!" Mamizou Futatsuiwa
27%
Confusion "Into Delirium" Medicine Melancholy
27%
Dog Sign "Rabies Bite" Momiji Inubashiri
27%
Murder Sign "Deeply-Secluded Yamanba" Nemuno Sakata
27%
Secret Ceremony "The Rear Face's Wicked Flames" Okina Matara
27%
Orb Sign "Impregnable Fortress Yin-Yang Orbs" Sagume Kishin
27%
Myoga Blessing "Behind Nightmare" Satono Nishida
27%
Dream Bullet "Lunatic Dream Shot" Seiran
27%
"Inchlings' Hell" Shinmyoumaru Sukuna
27%
Paper Sign "Zener Card Shuriken" Sumireko Usami
27%
Hime River "Princess Jade Green" Suwako Moriya
27%
Star Sign "Fall of Great Stars" Utsuho Reiuji
27%
Butterfly Sign "Butterfly Storm" Wriggle Nightbug
27%
"The Nightmare One Has on Their Final Sunday" Doremy Sweet
18%
Divine Sakura "Full Sakura Blizzard" Kanako Yasaka
18%
Japan Sign "Yamato Kingdom" Keine Kamishirasawa
18%
Ascetic Sign "Eighty Million Goma Boards" Ran Yakumo
18%
Death Sign "Ghost Town" Rin Kaenbyou
18%
Wilted Path "Lost Windrow" Shizuha Aki
18%
Heaven Sign "Scorched Earth Mandala" Shou Toramaru
18%
Mad Dream " Dream World" Reisen Udongein Inaba
9%
No matching quizzes found
Score Distribution
Percent of People with Each Score
Percentile by Number Answered
Your Score History
You have not taken this quiz